|
|
|
|
| LEADER |
00000nas a2200000 a 4500 |
| 001 |
ssj0013957 |
| 003 |
WaSeSS |
| 005 |
20200512172242.0 |
| 006 |
m d |
| 007 |
cr n |
| 008 |
810924d19811997moubn p s 0 a0eng c |
| 010 |
|
|
|a 82640913
|z sn 81006060
|
| 022 |
|
|
|l 0278-3258
|y 0278-3258
|
| 030 |
|
|
|a ELEADA
|
| 032 |
|
|
|a 656150
|b USPS
|
| 035 |
|
|
|a (WaSeSS)ssj0013957
|
| 037 |
|
|
|b Scholastic, Inc., East McCarty St., P.O. Box 3710, Jefferson City, MO 65102-3710
|
| 040 |
|
|
|a NSD
|b eng
|c NSD
|d DLC
|d NSD
|d NST
|d DLC
|d NST
|d NSD
|d AIP
|d NST
|d AIP
|d NST
|d NSD
|d NYG
|d NST
|d NSD
|d TJC
|d WAU
|d OCLCQ
|d OCLCF
|d OCLCO
|d GILDS
|d OCLCO
|d OCLCQ
|d CBA
|d OCLCO
|d ZAS
|d OCLCO
|d DLC
|d WaSeSS
|
| 042 |
|
|
|a pcc
|a nsdp
|
| 050 |
0 |
0 |
|a LB1028.5
|b .E43
|
| 082 |
0 |
4 |
|a 371.3/9445/05
|
| 210 |
0 |
|
|a Electron. learn.
|
| 222 |
|
0 |
|a Electronic learning
|
| 245 |
0 |
0 |
|a Electronic learning
|h [electronic resource].
|
| 260 |
|
|
|a [New York, NY] :
|b Scholastic Inc.,
|c [©1981-©1996]
|
| 310 |
|
|
|a 6 issues during the school year,
|b <Sept. 1995>-May/June 1997
|
| 321 |
|
|
|a Bimonthly (Sept. through May/June),
|b Sept./Oct. 1981-
|
| 321 |
|
|
|a 8 issues per school year,
|b Sept. 1982-
|
| 362 |
0 |
|
|a [Vol. 1, no. 1] (Sept./Oct. 1981)-v. 16, no. 6 (May/June 1997).
|
| 500 |
|
|
|a Title from cover.
|
| 500 |
|
|
|a Published: Jefferson City, MO, <Sept. 1995>-May/June 1997.
|
| 506 |
|
|
|a License restrictions may limit access.
|
| 515 |
|
|
|a Vol. 1, no. 1 called also premier issue.
|
| 588 |
|
|
|a Latest issue consulted: Vol. 15, no. 1 (Sept. 1995).
|
| 650 |
|
0 |
|a Computer-assisted instruction
|v Periodicals.
|
| 650 |
|
7 |
|a Computer-assisted instruction.
|2 fast
|0 (OCoLC)fst00872725
|
| 655 |
|
0 |
|a Electronic journals.
|
| 785 |
0 |
0 |
|t Electronic learning in your classroom
|x 2644-3570
|w (DLC)sn 97048664
|w (OCoLC)37525351
|
| 850 |
|
|
|a AU
|a ArU
|a AzU
|a CLSU
|a CSt
|a CU
|a CU-I
|a CU-Riv
|a CU-S
|a CU-SB
|a CaMBC
|a CaMWU
|a CaOLU
|a CaOONL
|a CaOONM
|a CaQMU
|a CaSRU
|a CoFS
|a CoU
|a CtU
|a DLC
|a DeU
|a FU
|a GASU
|a IC
|a ICarbS
|a IEN
|a INS
|a IU
|a IaAS
|a IaU
|a InU
|a KMK
|a KyLoU
|a KyU
|a MChB
|a MH-Ed
|a MMeT
|a MdU
|a MiDW
|a MiEM
|a MiU
|a MnSSC
|a MnU
|a MoKU
|a MoU
|a MsSM
|a MtBC
|a N
|a NIC
|a NRU
|a NcRS
|a NcU
|a NmU
|a NvU
|a OCU
|a OU
|a OrCS
|a OrU
|a PPD
|a PPiU
|a PU
|a TU
|a TxCM
|a TxU
|a ULA
|a UPB
|a ViBlbV
|a ViU
|a WM
|a Wa
|a WaU
|a WvU
|
| 856 |
4 |
0 |
|z Full text available from Research Library: 01/01/1988 to 06/30/1997
|u https://search.proquest.com/publication/37772
|